Adygea Quiz - Statistics

General Stats
  • This quiz has been taken 22 times
  • The average score is 7 of 15
Answer Stats
Hint Answer % Correct
Official Languages Adyghe
100%
Largest Ethnic Groups Adyghe
100%
Official Languages Russian
100%
Largest Ethnic Groups Russian
100%
Time Zone UTC {+3}
75%
Capital of Adygea Maykop
50%
Economic Region of Russia Adygea is Located in North Caucasus
50%
Only Federal Subject of Russia Adygea Borders Krasnodar Krai
42%
Federal District of Russia Adygea is Located in Southern
33%
Largest River that flows through Adygea Kuban
25%
Most Abundant Natural Resources Oil
25%
Largest Ethnic Groups Armenian
17%
Most Abundant Natural Resources Natural Gas
8%
Largest Religion Russian Orthodoxy
8%
Highest Point Chugush Mountain
0%
No matching quizzes found
Score Distribution
Percent of People with Each Score
Percentile by Number Answered
Your Score History
You have not taken this quiz